000 01725nam a22002537a 4500
001 5828
003 FISKH
005 20250123141845.0
008 250123b cb ||||| |||| 00| 0 eng d
020 _a9781880892183
040 _aFISKH
_beng
_cFISKH
_dFISKH
050 _aPZ7
082 _a420
100 _aStrayer, Debbie
245 _aThe yellow book (learning Language Arts through Literature) /
_cBy Debbie Strayer and Susan S. Simpson
260 _aMelrose :
_bCommon Sense Press ,
_c1998.
300 _a376 pages :
_billustrations ;
_c28 cm .
490 _aLearning Language Arts Through Literature
520 _aLearning Language Arts Through Literature is a complete language arts program. Student and teacher materials for first grade through high school are each sold by grade level. Using an integrated approach to learning, students learn the skills appropriate for each grade level in the context of real literature. When using this program, students learn skills in the context of whole literature. This creates a deeper understanding and generates greater interest in grammar, writing mechanics, vocabulary, spelling, and other language skills. The Yellow Student Activity Book is the perfect companion for the Yellow Teacher Book Everything in one book: student instruction, a place for writing, and a tool for easy record keeping. Allows for more independent work, a bonus for teachers. This book provides Enrichment Activities such as word puzzles, analogies, logic/reasoning activities and more Answers are found in The Yellow Teacher Book, available separately. Grade 3.
650 _alanguage arts
_vnon-fiction
700 _aSimpson, Susan
_eauthor
942 _2ddc
_cBK
_n0
999 _c5828
_d5828